000 00663nam a2200193Ia 4500
003 GCL
008 140319s9999 xx 000 0 ara d
040 _aGCL /
_cGCL
082 0 4 _a814
_bا ا
100 1 _aاحمد مستجير
245 1 0 _aاحاديث الاثنين فى العلم والاداب والفن /
_cاحمد مستجير
260 _a[S.N] :
_bالادارة العامة لرعاية الشباب ،
_c1990
300 _a112 ص
490 _aالكتيبات الثقافية والدينية
_v0
650 0 4 _aالعلم والفن
650 0 4 _aالوراثة ، علم
650 0 4 _aالهندسة الوراثية
942 _2ddc
_cBK
999 _c53198
_d53198